000 00403cam a2200157ua 4500
041 _aeng
_h
082 _a823.301
_bCER/AD
100 _aCervantes, Miguel D .
245 _aAdventures of Don Quixote /
_cMiguel De Cervantes.
_hTextual Documents
250 _a1 /
_b.
260 _aLondon :
_bOxford University Press ,
_c1966.
300 _a89 ; .
504 _a
942 _cBK
999 _c2399
_d2399